Popular (from Wicked) - Ariana Grande (All Lyrics) - Statistics

General Stats
  • This quiz has been taken 214 times
  • The average score is 232 of 331
Answer Stats
Lyrics % Correct
I
95%
I.
95%
I?
95%
popular.
92%
Popular.
92%
popular,
92%
popular
92%
populer,
92%
You
91%
you
91%
a
90%
be
89%
be.
89%
to
88%
when
88%
When
88%
an
86%
And
86%
and
86%
go.
86%
your
86%
Your
86%
the
85%
gonna
83%
it,
81%
it
81%
it.
81%
me
81%
me.
81%
So
81%
wear,
81%
You're
81%
you're
81%
who
80%
I'll
79%
boys.
78%
know,
78%
know
78%
Know
78%
know.
78%
make
78%
what
78%
will
78%
have
76%
My
76%
my
76%
see
76%
talk
75%
that
75%
as
74%
hair.
74%
way
74%
la,
73%
how
73%
La-
73%
la,
73%
la-
73%
la.
73%
'lar.
73%
teach
73%
they
73%
They
73%
I'm
72%
it's
72%
It's
72%
let's
72%
Not
72%
not
72%
than
72%
You'll
72%
you'll
72%
proper
71%
right,
71%
right
71%
right.
71%
Don't
70%
face
70%
face.
70%
less
70%
of
70%
were,
70%
We're
70%
were
70%
with
69%
about
68%
fortunate
68%
in
68%
need.
68%
shoes
68%
Whenever
68%
I've
67%
someone
67%
start
67%
start,
67%
at
66%
fix
66%
isn't
66%
take
65%
help
64%
Now
64%
all
63%
by
63%
case.
63%
case
63%
exactly
63%
flirt
63%
good
63%
makeover,
63%
sports.
63%
are.
62%
Everything
62%
heart
62%
needs
62%
Or
62%
or
62%
over.
62%
really
62%
show
62%
simply
62%
Think
62%
think
62%
Follow
61%
got
61%
lead.
61%
long
61%
yes,
61%
bleed.
60%
Though
60%
though
60%
worry,
60%
even
59%
from
59%
tender
59%
toughest
59%
ways
59%
yet
59%
you've
59%
like
58%
counts
57%
determined
57%
Did
57%
laugh.
57%
analysis.
56%
'cause
56%
frank
56%
succeed.
56%
brains
55%
comes
55%
Just
55%
assist
54%
can
54%
indeed.
54%
tends
54%
There's
54%
well
54%
awfully
53%
features.
53%
offended
53%
on
53%
personality
53%
creatures
51%
Little
51%
very
51%
Very,
51%
dialysis.
49%
Instead
49%
nobody
49%
nothing
49%
viewed.
49%
wiser.
49%
becoming
48%
cohorts,
48%
flounce.
48%
slang
48%
stop
48%
become
47%
communicators.
47%
depressing
47%
pal,
47%
protest.
47%
quite
47%
sister
47%
hang
46%
knowledge?
45%
them
44%
aptitude,
43%
disinterest.
43%
great
43%
popularity.
43%
remind
43%
state.
40%
heads
39%
chosen
38%
especially
36%
grin
34%
new-
34%
ploys
34%
their
34%
own
33%
celebrated
32%
adviser.
31%
found
30%
bear
29%
dreary
29%
unprepossessing
28%
behalf
23%
shrewd
22%
clandestinely.
13%
No matching quizzes found
Score Distribution
Percent of People with Each Score
Percentile by Number Answered
Your Score History
You have not taken this quiz